000 00587nam a22001697a 4500
005 20170921150516.0
010 _aENG-120633
020 _c435.00
_a9788123765525
035 _aEN-104165
037 _bDBAD/PUB
082 _a305.2350954
245 _aYouth of North-East India :
_ccomplied by T. Varadarajulu Naidu
_bdemographics and readership /
260 _aNew Delhi
_bNational Book Trust
_c201?
270 _bNew Delhi
_aNehru Bhawan, 5 Institutional Area, Phase-II, Vasant Kunj,
_e110070
300 _avi,154p.
_b24cm(Hb).
942 _2ddc
_cEN
_h305.23509541
_mYOU
999 _c145212
_d145212